Statistics for Premier League Yellow Card Leaders

Click here to take the quiz!

General Stats

  • This quiz has been taken 13 times
  • The average score is 7 of 18

Answer Stats

Team#PositionAnswer% Correct
Man. United102FWWayne Rooney
100%
Aston Villa125MFGareth Barry
89%
Man. United99MFPaul Scholes
89%
West Ham United83MFMark Noble
56%
Man. City78MFJoey Barton
44%
Bolton Wanderers99FWKevin Davies
44%
Bolton Wanderers86MFKevin Nolan
44%
Arsenal79MFPatrick Vieira
44%
Man. United84DFPhil Neville
44%
Sunderland91MFLee Cattermole
33%
West Ham United92MFScott Parker
33%
Leeds United100MFLee Bowyer
22%
Man. United78MFNicky Butt
22%
Man. City78DFRichard Dunne
11%
Leicester City87MFRobbie Savage
11%
Aston Villa76MFGavin McCann
0%
Middlesbrough87MFGeorge Boateng
0%
Sunderland80DFPhil Bardsley
0%

Score Distribution

Percentile by Number Answered

Percent of People with Each Score

Your Score History

You have not taken this quiz